000 00871nam a22002777a 4500
001 1011
005 20231115093904.0
020 _a0394904974
020 _a9780142410349
040 _aDLC
_beng
_cDLC
_dDLC
050 0 0 _aPZ7.D1515
_bFan
082 0 0 _a823.914
100 1 _aDahl, Roald.
245 1 0 _aFantastic Mr. Fox /
_cillustrator by Donald Chaffin.
250 _aReissue in this edition in 2007, 2013
260 _aNew York:
_bPuffin Books,
_c1970
300 _a81 pages :
_billustrations. ;
_c20 cm.
505 _aO
520 _aThree farmers, each one meaner than the other, try all-out warfare to get rid of the fox and his family.
521 _a600
_bLexile
521 _aO
_bRaz-Plus
650 1 _aFoxes
_vFiction.
700 1 _aChaffin, Donald,
_eillustrator.
906 _a7
_bcbc
_corignew
_d2
_encip
_f19
_gy-gencatlg
942 _2ddc
_cBK
_n0
999 _c1011
_d1011